000 00722nam 22001933 4500
001 201266
090 _a201266
100 _a20260313d u||y0pory50 ba
200 _aJogos e movimentos com acessórios para a educação física (crianças dos 3 aos 8 anos)
_fH. Bouvart-Verdié
_gtradução Manuela F. Abreu
210 _aLisboa
_cCompendium
_d[19--?]
215 _a164 p.
_cil. ; brochado
_d24 cm
225 _aEducação física e desporto
_h8
606 _914416
_aDivertimentos públicos. Espetáculos. Cinema.Teatro. Dança. Jogos de mesa. Desportos
675 _a79
_vPT
_zpor
700 _916848
_aBouvart-Verdié
_bHélène
702 _916849
_aAbreu
_bManuela F.
801 _aPT
_bBMMN
_gRPC
830 _cVanda
990 _cLIVROS